000 00693nam a2200193 a 4500
008 060316s2002 ||||||||||||||||| || u
020 _a0750650842
050 _aTA 683.7 Ell
100 _aElliot, Kim S
245 1 0 _aPrecast concrete structures
260 _aOxford :
_bBUTTERWORTH HEINEMANN
_c2002
300 _axi, 375 p. : ill.
350 _a0.00
650 _aCONCRETE
650 _aPRECAST CONCRET CONSTRUCTION
650 _aPRECAST CONCRETE STRUCTURES
856 _uhttp://www.loc.gov/catdir/toc/els031/2002071174.html
995 _D0.00
_FCBU-MAIN LIBRARY (Kitwe)
_H1
_I12.95
_M1
_UAVAILABLE
_ZMain Library Open Access Collection
999 _c54349
_d54349